01617nam a2200289 a 4500001001000000005001700010041000800027044000700035084002000042100004500062245006800107260006500175300002200240500019600262500019000458500025200648500006900900500001100969546002000980650005201000650005601052650003401108650004501142700004201187700004801229740005001277BRCA_344820190320204304.0 arus aru a737b.K66c18951 aCervantes Saavedra, Miguel ded1547-161610aSlavnyj rycar´ Don-Kihot Lamancskijcroman Migelja Servantesa. aMoscúbIzdanie Kniznago Magazina : A. G. Kol´cuginac1895 a2 v.bil.c24 cm. aContenido : v.1. Primera parte. Retrato de Cervantes. Prólogo del autor. -- v.2. Segunda parte. Prólogo del autor. Vida y obra de Cervantes por L. Viardot, traducida al ruso del francés aEdición : Novyj polnyj perevod E. M. oskvitinova/. S portretom Servantesa, s primecanijani i stat´eju L. Viardo: ´Zizn´i proizvedenija Servantesa´ ... i ... kartinami Gustava Dore aVersión rusa supuestamente de Moskvitinov con la vida de Cervantes y notas escritas en francés por L. Viardot y traducidas al ruso. Va adornada con los dibujos de Gustavo Doré. Semipiel; lomeras decoradas con filetes dorados Lúdovik Osterc aEstado físico : Lomo desprendido y primeras hojas desprendidas aQM561B aTexto en : ruso14aNovela españolayÉpoca clásica, 1500-170014aLiteratura españolayÉpoca clásica, 1500-170014aNovela españolaySiglo XVII14aDon Quijote (Personaje ficticio)eNovela1 aViardot, Louisd1800-1883eBiógrafo1 aDoré, Paul Gustaved1832-1883eIlustrador0 aEl Ingenioso Hidalgo Don Quijote de la Mancha